Výročná správa ...
| Previous Title: | Ročenka ... |
|---|---|
| Corporate Author: | |
| Other Authors: | |
| Format: | Serial |
| Language: | Slovak English |
| PhysicalDescription: | zv. fotogr., tab. 30 cm |
| Published: |
Bratislava
Výskumný ústav zváračský - Priemyselný inštitút SR
|
| ISBN: | 8088734398 (brož. : r. 2001) 8088734401 (brož. : r. 2002) |
| Subjects: |
MARC
| LEADER | 00000cas a2200000 a 4500 | ||
|---|---|---|---|
| 001 | vtls001439092 | ||
| 003 | SK-MaSNL | ||
| 005 | 20260228160651.0 | ||
| 008 | 240115u200u200uxo uu 0 0b0slo | ||
| 015 | |a SNBB2005/02-00418 (r. 2001) | ||
| 020 | |a 8088734398 (brož. : r. 2001) | ||
| 020 | |a 8088734401 (brož. : r. 2002) | ||
| 035 | |a SNK000394239 | ||
| 040 | |a SNK |b slo |c SNK |e AACR2 | ||
| 041 | 0 | |a slo |a eng | |
| 043 | |a e-xo--- | ||
| 044 | |a xo |c SK | ||
| 072 | 7 | |a 621 |x Strojárstvo |2 konspekt | |
| 080 | |a 621.791 |2 2011 | ||
| 080 | |a (047.1) |2 2011 | ||
| 080 | |a (437.6) |2 2011 | ||
| 080 | |a 001.32 |2 2011 | ||
| 110 | 2 | |a Výskumný ústav zváračský - Priemyselný inštitút SR (Bratislava, Slovensko) |9 36729 | |
| 245 | 1 | 0 | |a Výročná správa ... |c Výskumný ústav zváračský - Priemyselný inštitút SR |
| 246 | 1 | 1 | |a Annual report ... |
| 260 | |a Bratislava |b Výskumný ústav zváračský - Priemyselný inštitút SR | ||
| 300 | |a zv. |b fotogr., tab. |c 30 cm | ||
| 500 | |a Súčasťou názvu je označenie bežného roku | ||
| 500 | |a Názov z obalu | ||
| 500 | |a Súbež. názov a text angl. | ||
| 500 | |a Popis podľa: R. 2002 | ||
| 500 | |a Zostavil: Alojz Jajcay | ||
| 650 | 0 | 7 | |a zváranie |2 SNKPH |9 1839 |
| 650 | 0 | 7 | |a výskumné ústavy |2 SNKPH |9 63999 |
| 650 | 0 | 7 | |a Welding |2 SNKPHeng |9 267090 |
| 650 | 0 | 7 | |a Research institutes |2 SNKPHeng |9 266355 |
| 655 | 7 | |a výročné správy |2 SNKPH |9 70580 | |
| 655 | 7 | |a Annual reports |2 SNKPHeng |9 265598 | |
| 700 | 1 | |a Jajcay, Alojz, |d 1939- |4 com |9 222089 | |
| 780 | 0 | 0 | |t Ročenka ... |w vtls001451386 |
| 910 | |a snk | ||
| 919 | |a 80-88734-39-8 | ||
| 919 | |a 80-88734-40-1 | ||
| 999 | |c 3285 |d 5215 | ||
| 952 | |0 0 |1 0 |4 0 |7 0 |8 0 |a SNK |b SNK |d 2007-07-19 |i snk2007/17466 |l 0 |o snkČSB 5230/2002 |p 17A0556033 |r 2026-02-21 20:27:57 |w 2026-02-21 |y PREZ | ||
| 952 | |0 0 |1 0 |4 0 |7 0 |8 0 |a SNK |b SNK |d 2007-07-19 |i snk2007/17467 |l 0 |o snkČSB 5230/2002 D1 |p 17A0556034 |r 2026-02-21 20:27:58 |w 2026-02-21 |y PREZ | ||
| 952 | |0 0 |1 0 |4 0 |7 0 |a SNK |b SNK |d 2004-04-26 |i snkPV 473/2004 |l 0 |o snkČSB 5230/2001 |p 17A0416319 |r 2005-01-02 00:00:00 |w 2026-02-21 |y PREZ | ||
| 952 | |0 0 |1 0 |4 0 |7 0 |a SNK |b SNK |d 2004-04-26 |i snkPV 474/2004 |l 0 |o snkČSB 5230/2001 D1 |p 17A0416320 |r 2005-01-02 00:00:00 |w 2026-02-21 |y PREZ | ||


